Score 0/209 Timer 10:00
0 Plays Today
Character Lyrics % Correct
the
100%
the
100%
And
100%
Katherine (spoken)And
100%
a
100%
And
100%
the
100%
the
100%
a
100%
the
100%
the
100%
the
100%
the
100%
the
100%
the
100%
the
100%
and
100%
the
100%
I
95.2%
Davey (spoken)I
95.2%
be
90.5%
New
90.5%
New
90.5%
Crutchie (spoken)New
90.5%
Jack (spoken)What
90.5%
be
90.5%
be
90.5%
be
90.5%
be
90.5%
New
90.5%
be
90.5%
New
90.5%
New
90.5%
What's
88.9%
Santa
88.9%
Fe
88.9%
got
88.9%
that
88.9%
York
88.9%
ain't
88.9%
What's
88.9%
York
88.9%
got
88.9%
that
88.9%
Santa
88.9%
Fe
88.9%
ain't
88.9%
got
88.9%
us
88.9%
got
88.9%
that
88.9%
Katherine (spoken)Me
88.9%
you
88.9%
go
88.9%
you
88.9%
you
88.9%
you
88.9%
ain't
88.9%
me
88.9%
that
88.9%
we
88.9%
us
88.9%
me
88.9%
York
88.9%
York
88.9%
York
88.9%
Jack (spoken)With
87.3%
it
87.3%
York's
87.3%
we're
87.3%
Character Lyrics % Correct
your
87.3%
your
87.3%
to
87.3%
is
87.3%
your
87.3%
is
87.3%
Now
87.3%
is
87.3%
with
87.3%
to
87.3%
We're
87.3%
can
87.3%
on
87.3%
with
87.3%
don't
85.7%
get
85.7%
better
85.7%
I'm
85.7%
there
85.7%
Jack (sung)Don't
85.7%
much
85.7%
dreamer
85.7%
All
85.7%
do
85.7%
close
85.7%
eyes
85.7%
all
85.7%
ever
85.7%
my
85.7%
eyes
85.7%
my
85.7%
don't
85.7%
much
85.7%
all
85.7%
Full Company (sung)We'll
85.7%
there
85.7%
Carrying
85.7%
banner
85.7%
there
85.7%
We'll
85.7%
there
85.7%
carrying
85.7%
banner
85.7%
there
85.7%
carrying
85.7%
banner
85.7%
there
85.7%
carrying
85.7%
banner
85.7%
I'm
85.7%
I'm
85.7%
I'm
85.7%
I'm
85.7%
strike
84.1%
family
84.1%
more
84.1%
ace
84.1%
up
84.1%
sleeve
84.1%
Wherever
84.1%
Right
84.1%
take
84.1%
up
84.1%
see
84.1%
they
84.1%
if
84.1%
out
84.1%
always
84.1%
out
84.1%
out
84.1%
Character Lyrics % Correct
See
84.1%
out
84.1%
Always
84.1%
out
84.1%
Look
84.1%
at
84.1%
king
84.1%
of
84.1%
right
84.1%
at
84.1%
king
84.1%
of
84.1%
king
84.1%
of
84.1%
you've
82.5%
one
82.5%
Jack (spoken)For
82.5%
Katherine (spoken)For
82.5%
open
82.5%
dreams
82.5%
average
82.5%
size
82.5%
soakin'
82.5%
every
82.5%
sucker
82.5%
yet
81%
would
81%
side
81%
sure
81%
sure
81%
But
81%
finally
81%
But
81%
headline
81%
Newsies
81%
mission
81%
competition
81%
Sell
81%
settled
79.4%
road
79.4%
matter
79.4%
man
79.4%
man
79.4%
Kill
79.4%
next
79.4%
edition
79.4%
Suddenly
79.4%
Starin'
79.4%
ya
79.4%
hitting
77.8%
by
77.8%
They's
76.2%
respectable
76.2%
should
74.6%
Lousy
74.6%
made
73%
world
73%
some
71.4%
Glory
71.4%
glory
71.4%
Here's
69.8%
Katherine (spoken)Or
66.7%
story
63.5%
Guts
63.5%
probably
60.3%
front
58.7%
page
58.7%
Victory
52.4%
stat'cha
39.7%
Remove Ads.
Support Sporcle.
Get the best of Sporcle when you Go Orange. This ad-free experience offers more features, more stats, and more fun while also helping to support Sporcle. Thank you for becoming a member.

You're not logged in!

Compare scores with friends on all Sporcle quizzes.
OR
Log In

Sporcle TV

Today on Sporcle TV


Watch our educational content, quiz creation guides, and fun videos on Sporcle TV.

Show Comments

Extras

Created Sep 27, 2017ReportNominate
Tags:Broadway Quiz, Newsies

Top Quizzes Today


Score Distribution

Paid Content

Your Account Isn't Verified!

In order to create a playlist on Sporcle, you need to verify the email address you used during registration. Go to your Sporcle Settings to finish the process.

Report this User

Report this user for behavior that violates our Community Guidelines.

Details: